Drafting, cartography and graphics : books held in the departmental library /

Saved in:
Bibliografiske detaljer
Hovedforfatter: Cottington, Margaret J.
Institution som forfatter: South Australia. Dept. of Environment and Planning
Format: Bog
Sprog:English
Udgivet: [Adelaide] : S.A. Dept. of Environment and Planning, 1982.
Serier:Library bibliography (South Australia. Dept. of Environment and Planning) ; no. 1/82.
Fag:
LEADER 01353nam a2200313 a 4500
001 c000150746
003 CARM
005 00000000000000.0
008 s1982 xra b s00010 eng d
019 1 |a 2309842  |5 LACONCORD2021 
020 |a 0724345396 :  |c price unknown 
035 |a (OCoLC)27534126  |5 LACONCORD2021 
040 |d SCAE 
042 |a anuc 
100 1 |a Cottington, Margaret J. 
245 1 0 |a Drafting, cartography and graphics :  |b books held in the departmental library /  |c compiled by Margaret Cottington. 
260 |a [Adelaide] :  |b S.A. Dept. of Environment and Planning,  |c 1982. 
300 |a 6 p. ;  |c 30 cm. 
490 1 |a Library bibliography / S.A. Department of Environment and Planning ;  |v no. 1/82 
500 |a Cartography & drafting. Bibliographies (ANB/PRECIS SIN 0643432) 
500 |a Cover title. 
650 0 |a Cartography  |x Bibliography. 
650 0 |a Topographical drawing  |x Bibliography. 
710 1 0 |a South Australia.  |b Dept. of Environment and Planning 
830 0 |a Library bibliography (South Australia. Dept. of Environment and Planning) ;  |v no. 1/82. 
852 8 |b CARM  |h A2:AI03C0  |i D01993  |p 0092640  |f BK 
082 0 4 |a 016.526  |2 19 
999 f f |i 1128a6f6-7f73-5789-8c75-79628475aa70  |s d74cd1f2-e9a3-54b5-be42-0cc49586e167 
952 f f |p Can circulate  |a CAVAL  |b CAVAL  |c CAVAL  |d CARM 1 Store  |e D01993  |f A2:AI03C0  |h Other scheme  |i book  |m 0092640